Geo computation with R / (Record no. 53330)

MARC details
000 -LEADER
fixed length control field 00649nam a2200253Ia 4500
005 - DATE AND TIME OF LATEST TRANSACTION
control field 20260429112304.0
008 - FIXED-LENGTH DATA ELEMENTS--GENERAL INFORMATION
fixed length control field 260429s9999||||xx |||||||||||||| ||und||
020 ## - INTERNATIONAL STANDARD BOOK NUMBER
International Standard Book Number 9781032248882
041 ## - LANGUAGE CODE
Language English
082 ## - DEWEY DECIMAL CLASSIFICATION NUMBER
Classification number 910.285
Item number LOV
100 ## - MAIN ENTRY--PERSONAL NAME
Personal name Lovelace, Robin
245 #0 - TITLE STATEMENT
Title Geo computation with R /
Statement of responsibility, etc Robin Lovelace
250 ## - EDITION STATEMENT
Edition statement 2nd ed.
260 ## - PUBLICATION, DISTRIBUTION, ETC. (IMPRINT)
Place of publication, distribution, etc Boca Raton :
Name of publisher, distributor, etc CRC Press,
Date of publication, distribution, etc 2025.
300 ## - PHYSICAL DESCRIPTION
Extent xix, 399 p.; pbk
440 ## - SERIES STATEMENT/ADDED ENTRY--TITLE
Title The R series
650 ## - SUBJECT ADDED ENTRY--TOPICAL TERM
Topical term or geographic name as entry element GIS
650 ## - SUBJECT ADDED ENTRY--TOPICAL TERM
Topical term or geographic name as entry element R programming
650 ## - SUBJECT ADDED ENTRY--TOPICAL TERM
Topical term or geographic name as entry element Spatial analysis
650 ## - SUBJECT ADDED ENTRY--TOPICAL TERM
Topical term or geographic name as entry element Geocomputation
700 ## - ADDED ENTRY--PERSONAL NAME
Personal name Muenchow, Jannes
700 ## - ADDED ENTRY--PERSONAL NAME
Personal name Nowosad, Jakub
942 ## - ADDED ENTRY ELEMENTS (KOHA)
Koha item type Text Books
Holdings
Withdrawn status Lost status Damaged status Not for loan Collection code Home library Location Shelving location Date of Cataloging Source of acquisition Total Checkouts Full call number Barcode Date last seen Price effective from Koha item type
        Non-fiction CUTN Central Library CUTN Central Library History & Geography 29/04/2026 Technical Bureau, New Delhi - Invoice No. TB3903 on 09-02-2026   910.285 LOV 58671 29/04/2026 29/04/2026 Text Books